<?xml version="1.0" encoding="UTF-8"?>
<record
    xmlns:xsi="http://www.w3.org/2001/XMLSchema-instance"
    xsi:schemaLocation="http://www.loc.gov/MARC21/slim http://www.loc.gov/standards/marcxml/schema/MARC21slim.xsd"
    xmlns="http://www.loc.gov/MARC21/slim">

  <leader>01655nam a2200289 a 4500</leader>
  <controlfield tag="001">BRCA_8490</controlfield>
  <controlfield tag="003">FranzMayer</controlfield>
  <controlfield tag="005">20230724102753.0</controlfield>
  <controlfield tag="008">280416s1790----sp-#######---#000-0#spa-#</controlfield>
  <datafield tag="040" ind1=" " ind2=" ">
    <subfield code="a">MFM</subfield>
    <subfield code="c">MFM</subfield>
  </datafield>
  <datafield tag="041" ind1=" " ind2=" ">
    <subfield code="a">spa</subfield>
  </datafield>
  <datafield tag="044" ind1=" " ind2=" ">
    <subfield code="a">sp</subfield>
  </datafield>
  <datafield tag="084" ind1=" " ind2=" ">
    <subfield code="a">BE5</subfield>
    <subfield code="b">.P37 1790</subfield>
  </datafield>
  <datafield tag="245" ind1="1" ind2="0">
    <subfield code="a">Pastoral de nuestro sant&#xED;simo padre Benedicto XIV</subfield>
    <subfield code="b">de gloriosa memoria, siendo Cardenal Arzobispo de la Santa Iglesia de Bolonia ; e instrucciones eclesi&#xE1;sticas para su di&#xF3;cesi</subfield>
    <subfield code="c">traducidas del toscano por el Fr. Juan Facundo Raulin.</subfield>
  </datafield>
  <datafield tag="260" ind1=" " ind2=" ">
    <subfield code="a">Madrid</subfield>
    <subfield code="b">En la Imprenta Real</subfield>
    <subfield code="c">1790</subfield>
  </datafield>
  <datafield tag="300" ind1=" " ind2=" ">
    <subfield code="a">[38], 384 p. (t.1, 6a impresi&#xF3;n)</subfield>
    <subfield code="c">21.5 x 15 cm.</subfield>
  </datafield>
  <datafield tag="500" ind1=" " ind2=" ">
    <subfield code="a">Estado f&#xED;sico : cintas rotas y lomo semi desprendido</subfield>
  </datafield>
  <datafield tag="500" ind1=" " ind2=" ">
    <subfield code="a">Con marca de fuego : &#xB4;Procedencia de la marca: Convento de San Francisco de Quer&#xE9;taro(1). Instituci&#xF3;n: Orden de Frailes Menores. Provincia de San Pedro y San Pablo de Michoac&#xE1;n. Descripci&#xF3;n: Monograma conformado por las letras iniciales S[an] F[rancisco] D[e] Q[uer&#xE9;tar]o. Observaciones: David Saavedra la asigna a la Academia de Dibujo de San Fernando de Quer&#xE9;taro. Ubicaci&#xF3;n de la marca en el libro: Canto superior, inferior y lateral&#xB4;</subfield>
  </datafield>
  <datafield tag="500" ind1=" " ind2=" ">
    <subfield code="a">Ver tambi&#xE9;n : BE3 (tomo 2, 1769), BE13 (tomo 2, 1764) y BE93 (tomo 2, 1769)</subfield>
  </datafield>
  <datafield tag="600" ind1="1" ind2="4">
    <subfield code="a">Benedicto XIV</subfield>
    <subfield code="c">Papa</subfield>
    <subfield code="d">1675-1758</subfield>
    <subfield code="9">21279</subfield>
  </datafield>
  <datafield tag="650" ind1="1" ind2="4">
    <subfield code="a">Iglesia cat&#xF3;lica</subfield>
    <subfield code="x">Disciplina</subfield>
    <subfield code="9">463</subfield>
  </datafield>
  <datafield tag="651" ind1=" " ind2="4">
    <subfield code="a">Bolonia (Arquidi&#xF3;cesis)</subfield>
    <subfield code="9">21280</subfield>
  </datafield>
  <datafield tag="700" ind1="1" ind2=" ">
    <subfield code="a">Facundo Raulin, Juan</subfield>
    <subfield code="e">tr.</subfield>
    <subfield code="9">21281</subfield>
  </datafield>
  <datafield tag="856" ind1=" " ind2=" ">
    <subfield code="a">http://www.marcasdefuego.buap.mx:8180/xmLibris/projects/firebrand/item.jsp?repository=marcas_de_fuego&amp;key=520e29d1.xml&amp;num=16</subfield>
  </datafield>
  <datafield tag="902" ind1=" " ind2=" ">
    <subfield code="a">CFM</subfield>
  </datafield>
  <datafield tag="942" ind1=" " ind2=" ">
    <subfield code="2">lcc</subfield>
    <subfield code="c">B</subfield>
  </datafield>
  <datafield tag="999" ind1=" " ind2=" ">
    <subfield code="c">8157</subfield>
    <subfield code="d">8157</subfield>
  </datafield>
  <datafield tag="952" ind1=" " ind2=" ">
    <subfield code="0">0</subfield>
    <subfield code="1">0</subfield>
    <subfield code="2">lcc</subfield>
    <subfield code="4">0</subfield>
    <subfield code="7">0</subfield>
    <subfield code="8">CFM</subfield>
    <subfield code="a">BRCA</subfield>
    <subfield code="b">BRCA</subfield>
    <subfield code="d">2016-04-15</subfield>
    <subfield code="e">Donaci&#xF3;n</subfield>
    <subfield code="l">0</subfield>
    <subfield code="o">BE5 .P37 1790</subfield>
    <subfield code="p">CFM00005</subfield>
    <subfield code="r">2019-03-22 00:00:00</subfield>
    <subfield code="w">2019-03-22</subfield>
    <subfield code="y">B</subfield>
  </datafield>
</record>
